书目信息 |
| 题名: |
新背景教师科学读本
|
|
| 作者: | 吴一飞 著 | |
| 分册: | ||
| 出版信息: | 北京 北京工业大学出版社 2005.07 |
|
| 页数: | 459页 | |
| 开本: | 26cm | |
| 丛书名: | ||
| 单 册: | ||
| 中图分类: | N42 | |
| 科图分类: | ||
| 主题词: | 科学技术--ke xue ji shu--师资培训--教学参考资料 | |
| 电子资源: | ||
| ISBN: | 7-5639-1551-6 | |
| 000 | 00633nam0 2200205 450 | |
| 001 | CAL 012005109754 | |
| 005 | 20060525095702.71 | |
| 010 | @a7-5639-1551-6@dCNY 48.00 | |
| 099 | @aCAL 012005109754 | |
| 100 | @a20051011d2005 em y0chiy0121 ea | |
| 101 | 0 | @achi |
| 102 | @aCN@b110000 | |
| 200 | 1 | @a新背景教师科学读本@Axin bei jing jiao shi ke xue du ben@f吴一飞主编@Fwu yi fei zhu bian |
| 210 | @a北京@c北京工业大学出版社@d2005.07 | |
| 215 | @a459页@d26cm | |
| 606 | 0 | @a科学技术@Ake xue ji shu@x师资培训@j教学参考资料 |
| 690 | @aN42@v4 | |
| 701 | 0 | @a吴一飞@Awu yi fei@4著 |
| 801 | 0 | @aCN@bBJP@c20060525 |
| 905 | @a10447@dN42@eW901 | |
| 新背景教师科学读本/吴一飞主编.-北京:北京工业大学出版社,2005.07 |
| 459页;26cm |
| ISBN 7-5639-1551-6:CNY 48.00 |
| ● |
| 相关链接 |
|
|
|
正题名:新背景教师科学读本
索取号:N42/W901
 
预约/预借
| 序号 | 登录号 | 条形码 | 馆藏地/架位号 | 状态 | 备注 |
| 1 | 604673 | 206046731 | 自科库401/401自科库 139排2列5层/ [索取号:N42/W901] | 在馆 |